00301nam a2200121Ia 4500008004100000082001300041100002000054245003700074250000800111260003900119300000900158650001200167191201s2005 xx 000 0 und d a510bKRA aKREYSZIG, Erwin 0aAdvanced Engineering Mathematics a8th aN.DelhibJohn wiley and Sonsc2005 a1156 aApplied